| 000 | 00992cam a22002651 4500 | ||
|---|---|---|---|
| 001 | l 45000121 | ||
| 003 | DLC | ||
| 005 | 20260227111539.0 | ||
| 008 | 780417s1945 quc 000 0 eng c | ||
| 010 | _al 45000121 | ||
| 035 | _a(OCoLC)3807658 | ||
| 040 |
_aU. S. Dept. of Labor. Libr. _cCCC _dDLC |
||
| 042 | _apremarc | ||
| 050 | 0 | 0 |
_aHC59 _b.I5 |
| 082 | _a331.137 | ||
| 110 | 2 | _aInternational Labour Office | |
| 245 | 1 | 4 |
_aThe maintenance of high levels of employment during the period of industrial rehabilitation and reconversion. _cSecond item on the agenda. |
| 260 |
_aMontreal, _bInternational Labour Office, _c1945. |
||
| 300 |
_a1 p. l., iv p., 1 l., 181 p., 1 l. _bincl. tables. _c24 cm. |
||
| 500 | _aAt head of title: Report II. International Labour Conference. Twenty-seventh session, Paris, 1945. | ||
| 650 | 0 | _aReconstruction (1939-1951) | |
| 650 | 0 | _aEconomic policy. | |
| 650 | 0 | _aUnemployed. | |
| 711 | 2 |
_aInternational Labor Conference _n(27th : _d1945 : _cParis) |
|
| 999 |
_c36512 _d36512 |
||